LEADER 01197nam0-2200349 --450 001 9910340960403321 005 20191001134436.0 010 $a978-88-6443-315-8 010 $a978-88-6443-316-5$bePub 010 $a978-88-6443-317-2$bpdf 020 $aIT$b2016-4649 100 $a20191001d2015----km y0itay50 ba 101 1 $aita$cger 102 $aIT 105 $ay 001yy 200 1 $a<>Africa interiore$el'inconscio nella cultura tedesca dell'Ottocento$fa cura di Ludger Lütkehaus$gtraduzione di Antonio Marinelli$gcon un saggio di David Armando 210 $aRoma$cL'asino d'oro$d2015 215 $aXII, 319 p.$d21 cm 225 1 $a<>gerle$v17 454 0$12001$aDieses wahre innere Afrika$etexte zur Entdeckung des Unbewussten vor Freud$91562062 610 0 $aInconscio$aFilosofia tedesca$aSec. 19. 676 $a127$v23$zita 702 1$aMarinelli,$bAntonio$f<1947- > 702 1$aLütkehaus,$bLudger 702 1$aArmando,$bDavid 801 0$aIT$bUNINA$gREICAT$2UNIMARC 901 $aBK 912 $a9910340960403321 952 $aCollez. 2578 (17)$b1221/2019$fFSPBC 959 $aFSPBC 996 $aDieses wahre innere Afrika$91562062 997 $aUNINA LEADER 01257nam a2200241 i 4500 001 991003196189707536 008 080118s1892 it 000 0 ita 035 $ab13647039-39ule_inst 040 $aDip.to Studi Giuridici$bita 082 00$a343.45 100 1 $aDe Cupis, Adriano$0226819 245 10$aDi alcune fondamentali questioni sulla determinazione della indennitá nelle espropriazioni per causa di utilitá pubblica /$cAdriano De Cupis 260 $aTorino :$bUnione tipografico-editrice,$c1892 300 $a186 p. ;$c24 cm. 500 $aAl centro del tit.: Sulla determinazione della indennitá nelle espropriazioni per causa di utilitá pubblica 650 4$aProprietŕ$xEspropriazione$xLegislazione$zItalia$ySec. 19. 740 $aSulla determinazione della indennitá nelle espropriazioni per causa di utilitá pubblica. 907 $a.b13647039$b02-04-14$c18-01-08 912 $a991003196189707536 945 $aLE027 F/A II O DEC01.01$g1$i2027000141616$lle027$op$pE10.00$q-$rn$so $t0$u0$v0$w0$x0$y.i14652638$z18-01-08 996 $aDi alcune fondamentali questioni sulla determinazione della indennitá nelle espropriazioni per causa di utilitá pubblica$91212290 997 $aUNISALENTO 998 $ale027$b18-01-08$cm$da $e-$fita$git $h0$i0